Growth and development of the preadolescent (Record no. 1351113)

MARC details
000 -LEADER
fixed length control field 00636nam a2200217Ia 4500
005 - DATE AND TIME OF LATEST TRANSACTION
control field 20250508154609.0
008 - FIXED-LENGTH DATA ELEMENTS--GENERAL INFORMATION
fixed length control field 008 250505s9999 xx 000 0 eng d
037 ## - SOURCE OF ACQUISITION
Stock number Textual
040 ## - CATALOGING SOURCE
Original cataloging agency FEDL
Language of cataloging eng
Transcribing agency FEDL
041 ## - LANGUAGE CODE
Language code of text/sound track or separate title eng
Source of code eng
084 ## - COLON CLASSIFICATION NUMBER
Classification number 155.4, BLA
Assigning agency FEDL
100 ## - MAIN ENTRY--PERSONAL NAME
Personal name Blair Arthur Witt
9 (RLIN) 88627
245 #0 - TITLE STATEMENT
Title Growth and development of the preadolescent
260 ## - PUBLICATION, DISTRIBUTION, ETC.
Place of publication, distribution, etc. Calcutta, India
Name of publisher, distributor, etc. Oxford and IBH Publishing Co.
Date of publication, distribution, etc. 1966
300 ## - PHYSICAL DESCRIPTION
Extent viii,221p.
365 ## - TRADE PRICE
Price type code INR
Price amount 1500
650 ## - SUBJECT ADDED ENTRY--TOPICAL TERM
Topical term or geographic name entry element Child Psychology
700 ## - ADDED ENTRY--PERSONAL NAME
Personal name Burton William H.
9 (RLIN) 765690
942 ## - ADDED ENTRY ELEMENTS (KOHA)
Koha item type Textual
Classification part 155.4, BLA
Holdings
Withdrawn status Lost status Damaged status Not for loan Home library Current library Date acquired Cost, normal purchase price Total Checkouts Full call number Barcode Date last seen Price effective from Koha item type
        Department of Education Library Department of Education Library 2025-05-08 1500.00   155.4, BLA EL0035213 2025-05-08 2025-05-08 Textual
Copyright @ Delhi University Library System